000 00385cam a2200145ua 4500
003 OSt
005 20260213111104.0
008 260213b |||||||| |||| 00| 0 eng d
041 _aeng
082 _a028.732
_bIND/NA
245 _aNational agricultural research project manual /
260 _a :
_bIndian council of agricultural research ,
_c1982.
300 _a127 ; .
942 _cBK
999 _c10280
_d10280